000 00234nam a2200097Ia 4500
008 120527s9999 xx 000 0 und d
100 _aWorld Bank
245 _aAgriculture investment Source book.
260 _bWorld Bank.
942 _cBK
999 _c23550
_d23550